| 000 | 00787cab a2200217 4500 | ||
|---|---|---|---|
| 001 | ABS45682 | ||
| 008 | 090401t1992 xxu||||| |||| 00| 0 eng d | ||
| 035 | _a(Sirsi) u54480 | ||
| 041 | _aeng | ||
| 100 | _aDavison, R.P. | ||
| 245 | 4 | _aThe ICE 6th edition | |
| 260 | _c1992 | ||
| 350 | _a0 | ||
| 490 |
_aCost Engineer _v30(1) January 1992, 10-11(2) |
||
| 520 | _aThe first article in Contract Administration Series 2, this deals with the 6th edition of the Institution of Civil Engineers` conditions of contract, compares it with the 5th edition and highlights changes for more detailed examination. | ||
| 650 | _aCOMPARISON | ||
| 650 | _aICE CONDITIONS OF CONTRACT (SIXTH EDITION) | ||
| 690 | _aBUILT ENVIRONMENT-BUILDING CONTRACT FORMS | ||
| 942 | _n0 | ||
| 948 | _c04/03/1997 | ||
| 999 |
_c33392 _d33392 |
||